A history of Egypt during the XVIIth and XVIIIth dynasties. 1896 with additions to 1898. By W. M. Flinders Petrie. D. C. L., LL. D., Hon. F. S. A. Scot. Edwards professor of egytology in University College, London. Member of the Imperial German Archaeological Institute, member of the Society of Northern Antiquaries. With numerous illustrations. Third edition
Պահպանված է:
| Հիմնական հեղինակ: | |
|---|---|
| Ձևաչափ: | Գիրք |
| Լեզու: | անգլերեն |
| Հրապարակվել է: |
Londres
Methuen & Co., 36 Essex street, W. C
1899
|
| Հրատարակություն: | 3a. ed |
| Խորագրեր: | |
| Ցուցիչներ: |
Ավելացրեք ցուցիչ
Չկան պիտակներ, Եղեք առաջինը, ով նշում է այս գրառումը!
|
MARC
| LEADER | 00000nam a2200000 a 4500 | ||
|---|---|---|---|
| 001 | UCJ6542 | ||
| 003 | CL-VaPUC | ||
| 008 | 070124e18990000UK |||||||||||||||||eng|d | ||
| 082 | 0 | 4 | |a 932 |b PET |2 21 |
| 100 | 0 | |a Petrie, W. M. Flinders |e author |9 513380 | |
| 245 | 1 | 2 | |a A history of Egypt during the XVIIth and XVIIIth dynasties. 1896 with additions to 1898. By W. M. Flinders Petrie. D. C. L., LL. D., Hon. F. S. A. Scot. Edwards professor of egytology in University College, London. Member of the Imperial German Archaeological Institute, member of the Society of Northern Antiquaries. With numerous illustrations. Third edition |
| 250 | |a 3a. ed | ||
| 300 | |a xxi, 400 p | ||
| 942 | |c BK | ||
| 945 | |d 20070124 00:00:00 |a rinostro | ||
| 260 | |a Londres |b Methuen & Co., 36 Essex street, W. C |c 1899 | ||
| 500 | |a Advierte errata.- Ilustraciones conforme a lo señalado en índice. De esta obra se ha hecho un registro para cada uno de los seis volúmenes | ||
| 650 | 7 | |a EGIPTOLOGIA |2 CL-VaPUC |9 265780 | |
| 650 | 0 | |a Arqueología |9 265619 | |
| 650 | 7 | |a FARAONES |2 CL-VaPUC |9 389592 | |
| 650 | 0 | |a Arquitectura |9 804558 | |
| 650 | 0 | |a Ilustraciones |9 369481 | |
| 650 | 0 | |a Iconografía |9 267998 | |
| 650 | 7 | |a JEROGLIFICOS |2 CL-VaPUC |9 265779 | |
| 650 | 7 | |a DOCUMENTOS |2 CL-VaPUC |9 366450 | |
| 650 | 0 | |a Religión |9 255164 | |
| 650 | 0 | |a Arte |9 265238 | |
| 651 | 0 | |a Egipto |9 268199 | |
| 583 | |a last modification |c 20130712 06:35:42 |k Rodrigo Vera | ||
| 999 | |c 322644 |d 322642 | ||
| 952 | |0 0 |1 0 |4 0 |6 932_000000000000000_PET_1899 |7 0 |8 X |9 401689 |a FDOBUD |b FDOBUD |d 2019-11-22 |h v.2 |i 1049402 |o 932 PET 1899 |p 1049402 |r 2019-11-22 |w 2019-11-22 |y BK_X |k BUD | ||